000 00814cam a22001814a 4500
005 20250605164141.0
008 250528s ||||||||||||||||||||||||d
035 _a18987
040 _aGR-AtMCL
_bgre
_dGR-AtMCL
_eAACR2
245 1 _aΤο Γραμμικο Σχεδιο / Απαραίτητο Βοήθημα για τους Υποψηφίους Πολυτεχνείου και Καλλιτεχνικών Σπουδών ΤΕΙ - για τους Μαθητές ΤΕΛ, ΕΠΛ, ΤΕΣ και Γενικών Λυκείων και Γυμνασίων - για Σπουδαστές ΤΕΙ και ΙΕΚ
260 _bΑθήνα,
_c1993
300 _a152
700 1 _aΑρφαρας Μιχ. Ε
_95266
700 1 _aΜελισσουργακη Μαριανθη
_95267
942 _cBK
999 _c4279
_d4279